Searching for Information in Various Domestic and Foreign Databases
Vstup do rôznych predplatených databáz. Zoznam organizácií s prístupom do licencovaných e-časopisov/e-kníh.
Gespeichert in:
| 1. Verfasser: | |
|---|---|
| Weitere Verfasser: | , , |
| Format: | Buchkapitel |
| Sprache: | Englisch |
| Schlagworte: | |
| Tags: |
Keine Tags, Fügen Sie das erste Tag hinzu!
|
MARC
| LEADER | 00000naa$a2200000$$$4500 | ||
|---|---|---|---|
| 001 | 0261261 | ||
| 005 | 20240502074141.0 | ||
| 041 | 0 | |a eng | |
| 044 | |a SK | ||
| 245 | 1 | 0 | |a Searching for Information in Various Domestic and Foreign Databases |c Marek Hargaš, Vojtech Ferencz, Jaroslav Dugas, Alexander Tarča |
| 520 | |a Vstup do rôznych predplatených databáz. Zoznam organizácií s prístupom do licencovaných e-časopisov/e-kníh. | ||
| 610 | 2 | 0 | |a knižnice |
| 610 | 2 | 0 | |a informácie |
| 610 | 2 | 0 | |a licencie |
| 100 | 1 | |a Hargaš, Marek | |
| 700 | 1 | |a Ferencz, Vojtech | |
| 700 | 1 | |a Dugas, Jaroslav, 1967- | |
| 700 | 1 | |a Tarča, Alexander | |